Представление документа в формате RUSMARC

ПолеНазваниеЗначение
  Тип записи a
  Библиографический уровень m
001 Контрольный номер RU/IS/BASE/381411504
005 Дата корректировки 20180512104020.3
010 Индекс ISBN __
a ISBN 978-5-93878-211-2
d Цена 749-00
100 Данные общей обработки __
a Данные общей обработки 19090111d2008 |||y0rusy0189 ca
101 Язык документа __
a Язык текста rus
102 Страна публикации __
a Страна публикации RU
102 Страна публикации __
a Страна публикации RU
105 Кодированные данные (монография) __
a Кодированные данные (монография) a z ||0zy
200 Заглавие и сведения об ответственности __
a Заглавие Психология адаптации личности
e Сведения, относящиеся к заглавию [анализ, теория, практика]
f Первые сведения об ответственности А. А. Реан, А. Р. Кудашев, А. А. Баранов
210 Выходные данные __
a Место издания Санкт-Петербург
c Издательство Прайм-Еврознак
d Дата издания [2008]
215 Физическое описание __
a Объем 479 с.
c Иллюстрации/тип воспроизводства ил.
225 Серия (Журнальная рубрика) __
a Серия (Журнальная рубрика) Психология - лучшее
330 Аннотация __
a Аннотация Эта книга поможет в анализе индивидуальных способов, стилей и стратегий поведения человека не только в сложных жизненных ситуациях, но и в повседневных, типичных условиях, и позволит вам пополнить инструментальную копилку психотехник самоуправления вне зависимости от вашей профессиональной и возрастной принадлежности. Научно-учебное пособие послужит неоспоримым теоретическим и практическим подспорьем для начинающих свой профессиональный путь психологов, педагогов и служащих-управленцев.
606 Тематические рубрики __
a Основная рубрика Психология
606 Тематические рубрики __
a Основная рубрика Социальная психология
606 Тематические рубрики __
a Основная рубрика Отраслевая психология
610 Ключевые слова __
a Ключевые слова адаптация психологическая
a Ключевые слова психологические исследования
a Ключевые слова стрессоустойчивость
686 Индексы других классификаций __
2 Код системы rubbk
a Индекс ББК 88.52
686 Индексы других классификаций __
a Индекс ББК 88.4
700 Автор _1
a Фамилия Реан
b Имя А. А.
g Полное личное имя Артур Александрович
701 Альтернативная интеллектуальная ответственность (другие авторы) _1
a Фамилия Кудашев
b Имя А. Р.
701 Альтернативная интеллектуальная ответственность (другие авторы) _1
a Фамилия Баранов
b Имя А. А.
801 Источник записи _0
a Страна RU
b Организация ЦУНБ Москва
c Дата составления 20090111
801 Источник записи _1
a Страна RU
b Организация ЦУНБ Москва
c Дата составления 20090111
801 Источник записи _2
a Страна RU
b Организация Центральная районная библиотека им. Г. А. Пирожникова
c Дата составления 20090111
852 Данные о местонахождении __
j Шифр хранения 88.52
i Авторский знак Р 31
b Сигла хранения ООЧ
901 Тип документа __
t Тип документа m
902 Роль лиц __
a Создатель БЗ ОКиО/Кашаева
905 Дата создания БЗ __
a Дата создания БЗ 03.02.2012
990 Данные о заказе (DOS) __
j Количество экземпляров (DOS) 1
h N записи в КСУ для Б/У (DOS) 2012-3